Introduction to Japanese history before the Meiji Restoration

Bewaard in:
Bibliografische gegevens
Hoofdauteur: Inoue, Mitsusada
Formaat: Boek
Taal:Undetermined
Gepubliceerd in: Tokyo Kokusai Bunka Shinkokai 1968
Onderwerpen:
Tags: Voeg label toe
Geen labels, Wees de eerste die dit record labelt!
Thư viện lưu trữ: Trung tâm Học liệu Trường Đại học Cần Thơ
LEADER 00546nam a2200205Ia 4500
001 CTU_115330
008 210402s9999 xx 000 0 und d
082 |a 915.2031 
082 |b I.58 
100 |a Inoue, Mitsusada 
245 0 |a Introduction to Japanese history before the Meiji Restoration 
245 0 |c Mitsusada Inoue 
260 |a Tokyo 
260 |b Kokusai Bunka Shinkokai 
260 |c 1968 
650 |a Japan 
650 |x History 
650 |y 1868 
904 |i Năm 
980 |a Trung tâm Học liệu Trường Đại học Cần Thơ